| Tag |
First Indicator |
Second Indicator |
Subfields |
| LEADER |
00000cam a22000007i 4500 |
| 001 |
in00004813021 |
| 008 |
910104s1991 wau b s100 0 eng |
| 005 |
20240807192902.7 |
| 010 |
|
|
|a 91006412
|
| 035 |
|
|
|a (OCoLC)ocm23016872
|
| 040 |
|
|
|a DLC
|b eng
|e rda
|c DLC
|d AGL
|d OCL
|d OCLCQ
|d BTCTA
|d BAKER
|d OCLCG
|d OCLCO
|d OCLCA
|d OCLCF
|d OCLCQ
|d OCL
|d OCLCA
|d UKMGB
|d OCLCO
|d OCLCL
|d OCLCQ
|d OCLCL
|d OCLCQ
|
| 016 |
7 |
|
|a 006098967
|2 Uk
|
| 020 |
|
|
|a 0934539138
|
| 020 |
|
|
|a 9780934539135
|
| 029 |
1 |
|
|a UKMGB
|b 006098967
|
| 035 |
|
|
|a (OCoLC)23016872
|
| 043 |
|
|
|a n-usp--
|a n-cn-bc
|
| 050 |
1 |
0 |
|a SB615.S63
|b S63 1990
|
| 070 |
0 |
|
|a SB615.S63S6
|b 1990
|
| 072 |
|
0 |
|a P000
|
| 082 |
0 |
0 |
|a 632/.58
|2 20
|
| 049 |
|
|
|a MAIN
|
| 111 |
2 |
|
|a Spartina Workshop
|d (1990 :
|c Seattle, Wash.)
|0 http://id.loc.gov/authorities/names/n91001171
|
| 245 |
1 |
0 |
|a Spartina Workshop record :
|b Seattle, Washington, November 14-15, 1990 /
|c editors, Thomas F. Mumford, Jr. [and others] ; workshop sponsors, Pacific County Department of Planning [and] Washington Department of Natural Resources, Division of Aquatic Lands [and] Washington Sea Grant Program.
|
| 264 |
|
1 |
|a Seattle :
|b Washington Sea Grant Program, University of Washington,
|c 1991.
|
| 300 |
|
|
|a pages cm
|
| 336 |
|
|
|a text
|b txt
|2 rdacontent
|
| 337 |
|
|
|a unmediated
|b n
|2 rdamedia
|
| 338 |
|
|
|a volume
|b nc
|2 rdacarrier
|
| 504 |
|
|
|a Includes bibliographical references.
|
| 540 |
|
|
|a Current Copyright Fee: GBP20.00
|c 0.
|5 Uk
|
| 590 |
|
|
|b TAG Physical Holdings 2
|
| 650 |
|
0 |
|a Spartina
|v Congresses.
|
| 650 |
|
0 |
|a Spartina
|x Control
|v Congresses.
|
| 650 |
|
0 |
|a Spartina
|z Northwest, Pacific
|v Congresses.
|
| 650 |
|
0 |
|a Spartina
|x Control
|z Northwest, Pacific
|v Congresses.
|
| 650 |
|
6 |
|a Spartines
|v Congrès.
|
| 650 |
|
6 |
|a Spartines
|x Lutte contre
|v Congrès.
|
| 650 |
|
7 |
|a Spartina.
|2 fast
|0 (OCoLC)fst01128749
|
| 650 |
|
7 |
|a Spartina
|x Control.
|2 fast
|0 (OCoLC)fst01128750
|
| 651 |
|
7 |
|a Pacific Northwest.
|2 fast
|0 (OCoLC)fst01242543
|
| 653 |
|
|
|a spartina
|
| 655 |
|
7 |
|a Conference papers and proceedings.
|2 fast
|0 (OCoLC)fst01423772
|
| 700 |
1 |
|
|a Mumford, Thomas F.,
|d 1944-
|1 https://id.oclc.org/worldcat/entity/E39PCjF4hBg3RbXVvQHgYDFtcd
|0 http://id.loc.gov/authorities/names/n85218309
|
| 710 |
1 |
|
|a Pacific County (Wash.).
|b Department of Planning.
|0 http://id.loc.gov/authorities/names/n91001170
|
| 710 |
1 |
|
|a Washington (State).
|b Division of Aquatic Lands.
|0 http://id.loc.gov/authorities/names/n91001169
|
| 710 |
2 |
|
|a Washington Sea Grant Program.
|0 http://id.loc.gov/authorities/names/n50062754
|
| 776 |
0 |
8 |
|i Online version:
|a Spartina Workshop (1990 : Seattle, Wash.).
|t Spartina Workshop record.
|d Seattle : Washington Sea Grant Program, University of Washington, 1991
|w (OCoLC)688650798
|
| 938 |
|
|
|a Baker & Taylor
|b BKTY
|c 9.95
|d 9.95
|i 0934539138
|n 0001886047
|s active
|
| 938 |
|
|
|a Baker and Taylor
|b BTCP
|n 91006412
|c $8.95
|
| 994 |
|
|
|a 92
|b TAG
|
| 852 |
|
|
|a TAG
|b TAGC
|c galv,gbay
|h SB 615 .S63 S63 1990
|t c.1
|
| 876 |
|
|
|p 33620000693040
|x Acc#6001-GBIC
|v unmediated -- volume
|
| 999 |
f |
f |
|s 1c8ea3ae-12de-41f5-99c5-e120ecf6b1f1
|i 796999a2-e070-4875-a984-46ed652bd2de
|t 0
|
| 952 |
f |
f |
|p normal
|a Texas A&M University
|b Galveston Campus
|c Jack K. Williams Library
|d Galveston Stacks
|t 0
|e SB 615 .S63 S63 1990
|h Library of Congress classification
|i unmediated -- volume
|m 33620000693040
|
| 998 |
f |
f |
|a SB 615 .S63 S63 1990
|t 0
|l Galveston Stacks
|